000 00734nam a2200205 i 4500
001 128485
003 ES-MaACL
005 20251015063129.0
007 t|
008 070514n19401949sp ||||1| spa d
100 1 _aTaine, Hippolyte,
_d1828-1893
_9109085
245 1 0 _aDel ideal en el arte
_b: (estudios de estética) /
_cHipólito Taine ; versión castellana de R. Cansinos-Assens. Obra inédita en castellano.
260 _aMadrid :
_bAmérica,
_c[194-?]
300 _a188 p. ;
_c17 cm.
490 1 _aBiblioteca de autores célebres
700 1 _aCansinos Asséns, Rafael,
_d1882-1964
_934616
830 0 _aBiblioteca de autores célebres
_9184044
852 _aES-MaACL
_jC-4440
_bR.24194
999 _c128485
_d128485